| 000 | 00460cam a2200181 4500 | ||
|---|---|---|---|
| 008 | 090401t1973 xxu||||| |||| 00| 0 eng d | ||
| 020 | _a0408000872 | ||
| 035 | _a(Sirsi) u30959 | ||
| 041 | _aeng | ||
| 050 | _a658.1552 | ||
| 100 | _aGobourne, J. | ||
| 245 | _aCost control in the construction industry | ||
| 260 |
_aLondon _bNewnes-Butterworths _c1973 |
||
| 300 | _a7. 150p. ill. forms. 22cm. index | ||
| 350 | _a3 | ||
| 942 | _n0 | ||
| 948 | _c04/03/1997 | ||
| 999 |
_c89536 _d89536 |
||